Responses for Show #8789 - Thursday, January 19, 2023

Troy Meyer game 1.

Contestants

[<< previous game]

Hillary Kotler, a childcare professional from Columbia, Maryland

Troy Meyer, a music executive from Tampa, Florida

Erin Portman, a high school English teacher from Naperville, Illinois (whose 1-day cash winnings total $31,201)

[next game &gt;&gt;]

Jeopardy! Round responses

WHEN IN ANCIENT ROME
IT'S ABOUT TIME
THE ACTOR'S MIDDLE INITIAL
ENDS IN "ION"
LEARNING
THE ROPES
    $200 16
marry

Troy
    $200 19
a wheel

Troy
    $200 21
L.

Erin
    $200 22
intuition

Erin
    $200 24
algebra

Erin
    $200 26
knots

Hillary
    $400 17
Neptune

Erin
    $400 20
tenses

Troy
    $400 15
K.

Troy
    $400 4
an auction

Hillary
    $400 13
bibliography

Erin
    $400 30
Double Dutch

Erin
    $600 9
a thumb

Troy
    $600 10
Aristotle

Troy
    $600 5
G.

Troy
    $600 1
a scallion

Erin
    $600 14
LinkedIn

Hillary
    $600 29
nylon

Erin
    $800 6
the baths

Troy
    $800 11
prologue

Troy
    $800 7
B.

Troy
    $800 2
(Troy: Uh, what is aversion?)

inversion

ErinTroy
    $800 25
(Neil) Gaiman

Erin
    $800 28
a pulley

Erin
    $1000 18
Cicero

Troy
    $1000 12
continuum

Troy
    $1000 8
(Hillary: What is L.?)
...
(Ken: Before your time, perhaps, Daniel [*] Travanti.)

J.

Hillary
Triple Stumper
    $1,400 3
fermentation

Erin
    $1000 23
Rosetta Stone

Troy
    $1000 27
(Hillary: What's a bowline?)
(Troy: What is boning?)

stays

TroyHillary
Triple Stumper

Scores at the first commercial break (after clue 15):

Erin Troy Hillary
$3,200 $4,800 $0

Scores at the end of the Jeopardy! Round:

Erin Troy Hillary
$6,800 $6,600 -$800

Double Jeopardy! Round responses

THE SERIES' AUTHOR
STATE CAPITALS
EAT YOUR VEGGIES
ALL IN THE FAMILY
SELF-REFERENTIAL BEATLES
ACRONYMS
    $400 30
(Stephenie) Meyer

Hillary
    $400 4
Montana

Troy
    $400 28
spinach

Erin
    $400 13
Orville Wright

Troy
    $400 11
"Yesterday"

Hillary
    $400 21
memory

Troy
    $800 29
Douglas Adams

Troy
    $800 27
Des Moines

Erin
    $800 24
a radish

Erin
    $4,800 20
John Wilkes Booth

Hillary
    $800 1
"I Am The Walrus"

Hillary
    $800 22
TASER

Troy
    $1200 14
(E.L.) James

Troy
    $1200 26
Montgomery

Troy
    $1200 19
Vidalia

Hillary
    $1200 10
Rose Kennedy

Hillary
    $1200 2
"All You Need Is Love"

Hillary
    $1200 23
specific

Erin
    $1600 8
(Erin: Who is Rice?)

(Charlaine) Harris

ErinTroy
    $1600 25
Harrisburg

Troy
    $1600 17
a crookneck

Erin
    $1600 6
Nehru

Troy
    $1600 3
Strawberry Fields

Erin
    $1600 15
unemployment

Triple Stumper
    $2000 9
Gabaldon

Troy
    $7,000 5
(Ken: [*], Maine is right.)

Augusta

Troy
    $2000 18
parsnips

Erin
    $2000 7
Dionne

Troy
    $2000 12
(Ken: Good category for you.)
(Hillary: Yes.)

Billy Shears

Hillary
    $2000 16
a SCIF

Triple Stumper

Scores at the end of the Double Jeopardy! Round:

Erin Troy Hillary
$13,600 $27,600 $11,200
(lock game)

[wagering suggestions for these scores]

Final Jeopardy! Round responses

BRITISH LANDMARKS
(Ken: [To Erin] It's 2 of Henry VIII's wives and then Lady Jane Grey as she counts as a queen--all beheaded there.)
HillaryWhat is Tower Bridge?
$10,000
ErinWhat is Westminster A the Tower of London?
$13,599
TroyWhat is Westminster Abbey?
$0
the Tower of London

Final scores:

Erin Troy Hillary
$27,199 $27,600 $1,200
2nd place: $2,000 New champion: $27,600 3rd place: $1,000

Game dynamics:

Coryat scores:

Erin Troy Hillary
$13,200 $22,600 $7,200
19 R
(including 1 DD),
1 W
26 R
(including 1 DD),
2 W
11 R
(including 1 DD),
2 W

Combined Coryat: $43,000

[game clues] [game scores] [suggest correction]

Game tape date: 2022-11-16
The J! Archive is created by fans, for fans. Scraping, republication, monetization, and malicious use prohibited; this site may use cookies and collect identifying information. See terms. The Jeopardy! game show and all elements thereof, including but not limited to copyright and trademark thereto, are the property of Jeopardy Productions, Inc. and are protected under law. This website is not affiliated with, sponsored by, or operated by Jeopardy Productions, Inc. Join the discussion at JBoard.tv.